书目信息 |
| 题名: |
立体构成入门
|
|
| 作者: | 何平静 著 | |
| 分册: | ||
| 出版信息: | 广西 广西美术出版社 2000.01 |
|
| 页数: | 48页 | |
| 开本: | 20cm | |
| 丛书名: | ||
| 单 册: | ||
| 中图分类: | J206.1 | |
| 科图分类: | ||
| 主题词: | 绘画理论 | |
| 电子资源: | ||
| ISBN: | 7-80625-763-2 | |
| 000 | 00496nam0 2200181 450 | |
| 001 | 0854866074 | |
| 005 | 20081017152603.78 | |
| 010 | @a7-80625-763-2@dCNY10.00 | |
| 100 | @a20081017d2000 km y0chiy0120 ea | |
| 101 | 0 | @achi |
| 200 | 1 | @a立体构成入门@Ali ti gou cheng ru men@f何平静著@Fhe ping jing zhu |
| 210 | @a广西@c广西美术出版社@d2000.01 | |
| 215 | @a48页@d20cm | |
| 606 | 0 | @a绘画理论 |
| 690 | @aJ206.1@v4 | |
| 701 | 0 | @a何平静@Ahe ping jing@4著 |
| 801 | 0 | @aCN@c20081017 |
| 905 | @dJ206.1@eH190 | |
| 立体构成入门/何平静著.-广西:广西美术出版社,2000.01 |
| 48页;20cm |
| ISBN 7-80625-763-2:CNY10.00 |
| ● |
| 相关链接 |
|
|
|
正题名:立体构成入门
索取号:J206.1/H190
 
预约/预借
| 序号 | 登录号 | 条形码 | 馆藏地/架位号 | 状态 | 备注 |
| 1 | 454932 | 204549328 | 社科库309/309社科库 67排3列1层/ [索取号:J206.1/H190] | 在馆 | |
| 2 | 454933 | 204549337 | 自科二线404/404自科库 15排5列1层/ [索取号:J206.1/H190] | 在馆 | |
| 3 | 454934 | 204549346 | 自科二线404/404自科库 4排4列1层/ [索取号:J206.1/H190] | 在馆 | |
| 4 | 454935 | 204549355 | 社科库309/309社科库 67排3列1层/ [索取号:J206.1/H190] | 在馆 | |
| 5 | 454936 | 204549364 | 自科二线404/404自科库 15排5列1层/ [索取号:J206.1/H190] | 在馆 | |
| 6 | 454937 | 204549373 | 自科二线404/404自科库 4排4列1层/ [索取号:J206.1/H190] | 在馆 | |
| 7 | 454938 | 204549382 | 自科二线404/404自科库 15排5列1层/ [索取号:J206.1/H190] | 在馆 | |
| 8 | 454939 | 204549391 | 自科二线404/404自科库 15排5列1层/ [索取号:J206.1/H190] | 在馆 | |
| 9 | 454940 | 204549408 | 自科二线404/309社科库 67排3列4层/ [索取号:J206.1/H190] | 在馆 | |
| 10 | 454941 | 204549417 | 自科二线404/309社科库 67排3列4层/ [索取号:J206.1/H190] | 在馆 | |
| 11 | 454942 | 204549426 | 自科二线404/404自科库 15排5列1层/ [索取号:J206.1/H190] | 在馆 | |
| 12 | 454943 | 204549435 | 自科二线404/404自科库 4排4列1层/ [索取号:J206.1/H190] | 在馆 | |
| 13 | 454944 | 204549444 | 自科二线404/404自科库 4排4列1层/ [索取号:J206.1/H190] | 在馆 | |
| 14 | 454945 | 204549453 | 自科二线404/404自科库 15排5列1层/ [索取号:J206.1/H190] | 在馆 | |
| 15 | 454946 | 204549462 | 自科二线404/404自科库 15排5列1层/ [索取号:J206.1/H190] | 在馆 | |
| 16 | 454947 | 204549471 | 自科二线404/404自科库 15排5列1层/ [索取号:J206.1/H190] | 在馆 | |
| 17 | 454948 | 204549480 | 自科二线404/404自科库 15排5列1层/ [索取号:J206.1/H190] | 在馆 |